SYNTHISIS IN MEDICINAL CHEMISTRY (Record no. 5937)

MARC details
000 -LEADER
fixed length control field 00382nam a22001457a 4500
005 - DATE AND TIME OF LATEST TRANSACTION
control field 20190604125255.0
008 - FIXED-LENGTH DATA ELEMENTS--GENERAL INFORMATION
fixed length control field 190604b xxu||||| |||| 00| 0 eng d
020 ## - INTERNATIONAL STANDARD BOOK NUMBER
ISBN 978-93-88194-63-1
041 ## - LANGUAGE CODE
Language code of text/sound track or separate title eng
100 ## - MAIN ENTRY--AUTHOR NAME
Personal name PANCHAL, DR. ISHANI AND SEN, DHRUBOJYOTI
245 ## - TITLE STATEMENT
Title SYNTHISIS IN MEDICINAL CHEMISTRY
260 ## - PUBLICATION, DISTRIBUTION, ETC. (IMPRINT)
Place of publication PUNE
Name of publisher NIRALI PRAKASHAN
300 ## - PHYSICAL DESCRIPTION
Number of Pages A.13p,
942 ## - ADDED ENTRY ELEMENTS (KOHA)
Koha item type Books

No items available.